Solving learning and behavior problems of children

Bibliographic Details
Main Author: Ozer, Mark N. (Author)
Format: Book
Language:English
Published: San Francisco : Jossey-Bass 1980
Subjects:

MARC

LEADER 00000cam a2200000 7i4500
001 0000000849
005 20240919.0
008 991124 cau a eng
020 |a 0875894453 
040 |a INS   |b eng   |e rda 
090 0 0 |a RJ503.5   |b .O93 1980 
100 1 |a Ozer, Mark N. ,   |e author 
245 1 0 |a Solving learning and behavior problems of children   |c Mark N. Ozer 
264 1 |a San Francisco :   |b Jossey-Bass   |c 1980 
300 |a xii, 258 pages :   |b illustrations ;   |c 24 cm. 
504 |a Includes bibliographical references and index 
650 0 |a Chils Dsychotheraphy 
650 0 |a Learning Disabilities 
650 0 |a Psychodiagnostics 
999 |a 0000002246   |b BOOK   |c Open Shelf   |e Default branch